5 Seconds Of Summer (all songs 2025) - Statistics

General Stats
  • This quiz has been taken 350 times
    64 since last reset
  • The average score is 73 of 120
Answer Stats
Album/ EP Song % Correct
5 Seconds Of Summer Amnesia
96%
5 Seconds Of Summer Don't Stop
96%
Youngblood Youngblood
96%
5 Seconds Of Summer She Looks So Perfect
91%
Sounds Good Feels Good She's Kinda Hot
87%
5 Seconds Of Summer English Love Affair
83%
5 Seconds Of Summer Heartbreak Girl
83%
5 Seconds Of Summer 18
81%
Youngblood Babylon
81%
5 Seconds Of Summer Good Girls
81%
CALM Teeth
81%
Sounds Good Feels Good Jet Black Heart
79%
Youngblood Empty Wallets
77%
Youngblood Ghost Of You
77%
Youngblood Valentine
77%
Youngblood Want You Back
77%
CALM Best Years
74%
5SOS5 Caramel
74%
CALM Red Desert
74%
10 Year Special 2011
72%
Youngblood Lie To Me
72%
CALM No Shame
72%
Sounds Good Feels Good Outer Space / Carry On
72%
5 Seconds Of Summer Voodoo Doll
72%
CALM Wildflower
72%
5SOS5 Bad Omens
70%
She Looks So Perfect Disconnected
70%
CALM Easier
70%
Sounds Good Feels Good Money
70%
Youngblood More
70%
5SOS5 Older
70%
Sounds Good Feels Good Airplanes
68%
5SOS5 Bloodhound
68%
From Ghost Busters (2016) Girls Talk Boys
68%
CALM High
68%
5SOS5 Me, Myself & I
68%
Youngblood Moving Along
68%
Sounds Good Feels Good Permanent Vacation
68%
5SOS5 You Don’t Go To Parties
68%
Youngblood Best Friend
66%
Sounds Good Feels Good Broken Home
66%
5SOS5 CAROUSEL
66%
5 Seconds Of Summer End Up Here
66%
Sounds Good Feels Good Hey Everybody!
66%
Youngblood If Walls Could Talk
66%
CALM Kill My Time
66%
Youngblood Meet You There
66%
Sounds Good Feels Good Vapor
66%
Chainsmokers collab Who Do You Love
66%
Youngblood Woke Up In Japan
66%
5 Seconds Of Summer Everything I Didn't Say
64%
She Looks So Perfect Heartache On The Big Screen
64%
Sounds Good Feels Good Invisible
64%
5 Seconds Of Summer Mrs. All American
64%
CALM Old Me
64%
5SOS5 BLENDER
62%
5SOS5 COMPLETE MESS
62%
5SOS5 Emotions
62%
5SOS5 Flatline
62%
5 Seconds Of Summer Greenlight
62%
5 Seconds Of Summer Kiss Me Kiss Me
62%
CALM Lover Of Mine
62%
500 Years Of Winter Pizza
62%
Amnesia (Cover) American Idiot
60%
Somewhere New Beside You
60%
Youngblood Better Man
60%
Sounds Good Feels Good Castaway
60%
5SOS5 Easy For You To Say
60%
5SOS5 HAZE
60%
CALM Lonely Heart
60%
5 Seconds Of Summer Long Way Home
60%
5SOS5 Moodswings
60%
5 Seconds Of Summer Out Of My Limit
60%
Sounds Good Feels Good Safety Pin
60%
Youngblood Talk Fast
60%
Don't Stop Try Hard
60%
Youngblood Why Won't You Love Me
60%
5SOS5 Bleach
57%
Sounds Good Feels Good Fly Away
57%
Galantis & David Guetta Collab Lighter
57%
Sounds Good Feels Good San Francisco
57%
Sounds Good Feels Good The Girl Who Cried Wolf
57%
Sounds Good Feels Good The Space Between A Rock And A Hard Place (Catch 22)
57%
Sounds Good Feels Good Catch Fire
55%
Youngblood Monster Among Men
55%
5SOS5 Red Line
55%
5SOS5 Take My Hand
55%
CALM Thin White Lies
55%
Sounds Good Feels Good Waste The Night
55%
She Looks So Perfect (cover) What I Like About You
55%
CALM Not In The Same Way
53%
5SOS5 TEARS!
53%
Amnesia Daylight
51%
Unplugged / Somewhere New Gotta Get Out
51%
5 Seconds Of Summer Never Be
51%
5SOS5 Best Friends
49%
She Looks So Perfect Wherever You Are
49%
She's Kinda Hot Lost In Reality
47%
Don't Stop Rejects
47%
Sounds Good Feels Good Social Casualty
47%
Don't Stop Wrapped Around Your Finger
47%
Don't Stop If You Don't Know
45%
5 Seconds Of Summer Lost Boy
45%
ONE OK ROCK Single Take What You Want
45%
She Looks So Perfect The Only Reason
45%
Somewhere New Unpredictable
45%
5 Seconds Of Summer Close As Strangers
43%
Good Girls Just Saying
43%
She's Kinda Hot Over and Out
43%
Sounds Good Feels Good Story Of Another Us
40%
5 Seconds Of Summer Tomorrow Never Dies
40%
Youngblood When You Walk Away
40%
5 Seconds Of Summer Independence Day
38%
She's Kinda Hot Broken Pieces
34%
Unplugged (Cover) I Miss You
34%
Unplugged (Cover) Jasey Rae
32%
Youngblood Midnight
32%
Unplugged Too Late
32%
BBC Radio 1 Hearts Upon Our Sleeve
26%
Unreleased I Can't Remember
21%
No matching quizzes found
Score Distribution
Percent of People with Each Score
Percentile by Number Answered
Your Score History
You have not taken this quiz since the last reset